Методика исследования электрогидравлических преобразователей следящих гидроприводов; Первая научно-техническая конференция профессорско-преподавательского состава. Посвящается 50-летию Октября

التفاصيل البيبلوغرافية
Parent link:Первая научно-техническая конференция профессорско-преподавательского состава. Посвящается 50-летию Октября.— 1967.— С. 19
المؤلف الرئيسي: Франк Э. Г.
الملخص:Ротапр. изд.
اللغة:الروسية
منشور في: 1967
الموضوعات:
التنسيق: فصل الكتاب
KOHA link:https://koha.lib.tpu.ru/cgi-bin/koha/opac-detail.pl?biblionumber=592282

MARC

LEADER 00000naa0a2200000 4500
001 592282
005 20250828130924.0
035 |a (RuTPU)RU\TPU\tpu\3864 
035 |a TPU00003864 
090 |a 592282 
100 |a 20011210d1967 k||y0rusy50 ca 
101 0 |a rus 
102 |a RU 
200 1 |a Методика исследования электрогидравлических преобразователей следящих гидроприводов  |f Э. Г. Франк 
300 |a Ротапр. изд. 
463 1 |t Первая научно-техническая конференция профессорско-преподавательского состава. Посвящается 50-летию Октября  |v С. 19  |o тезисы докладов  |d 1967 
610 1 |a энергетика 
610 1 |a труды учёных ТПУ 
610 1 |a водяные двигатели 
700 1 |a Франк  |b Э. Г. 
801 0 |a RU  |b 63413507  |c 20011210  |g PSBO 
801 2 |a RU  |b 63413507  |c 20070522  |g PSBO 
942 |c BK